| 000 | 01059cab a2200301 4500 | ||
|---|---|---|---|
| 001 | WB3522-31 | ||
| 008 | 090401t1999 xxu||||| |||| 00| 0 eng d | ||
| 035 | _a(Sirsi) u93843 | ||
| 041 | _aeng | ||
| 245 | _aMisleading estimates | ||
| 260 | _c1999 | ||
| 350 | _a0 | ||
| 490 |
_aEstates Gazette _v(9925) 5 June 1999, 49(1) |
||
| 520 | _aThe House-Builders Federation (HBF) has accused the South East Regional Planning Authority (SERPLAN) of deliberately underestimating housing demand for political reasons. SERPLAN claims that only 826,000 new homes are required across the south east before 2016, in contrast to government estimates of 1.18m. | ||
| 650 | _aHOUSE BUILDERS FEDERATION | ||
| 650 | _aHOUSE BUILDING | ||
| 650 | _aHOUSING NEED | ||
| 650 | _aNEW HOMES | ||
| 650 | _aNEW HOUSES | ||
| 650 | _aPREDICTIONS | ||
| 650 | _aREGIONAL PLANNING GUIDANCE | ||
| 650 | _aSERPLAN | ||
| 650 | _aSOUTH EAST REGIONAL PLANNING AUTHORITY | ||
| 650 | _aSOUTH EAST | ||
| 690 | _aPLANNING LAW AND PRACTICE | ||
| 942 | _n0 | ||
| 948 | _c09/06/1999 | ||
| 999 |
_c59475 _d59475 |
||